The philosophy of physics. (Record no. 819)
[ view plain ]
| 000 -LEADER | |
|---|---|
| fixed length control field | 00429cam a22001571 4500 |
| 005 - DATE AND TIME OF LATEST TRANSACTION | |
| control field | 20250901165234.0 |
| 008 - FIXED-LENGTH DATA ELEMENTS--GENERAL INFORMATION | |
| fixed length control field | 720619s1961 nyu 000 0 eng |
| 010 ## - LIBRARY OF CONGRESS CONTROL NUMBER | |
| LC control number | 60053170 |
| 050 00 - LIBRARY OF CONGRESS CALL NUMBER | |
| Classification number | QC6 .S65 |
| Item number | .S65 |
| 082 ## - DEWEY DECIMAL CLASSIFICATION NUMBER | |
| Classification number | 530.101 |
| 100 1# - MAIN ENTRY--PERSONAL NAME | |
| Personal name | Smith, Vincent Edward, |
| Dates associated with a name | 1915- |
| Relator term | ed. |
| 245 04 - TITLE STATEMENT | |
| Title | The philosophy of physics. |
| 260 ## - PUBLICATION, DISTRIBUTION, ETC. | |
| Place of publication, distribution, etc. | Jamaica, N.Y., |
| Name of publisher, distributor, etc. | St. John's University Press |
| Date of publication, distribution, etc. | [1961] |
| 300 ## - PHYSICAL DESCRIPTION | |
| Extent | 82 p. |
| Dimensions | 23 cm. |
| 942 ## - ADDED ENTRY ELEMENTS (KOHA) | |
| Source of classification or shelving scheme | Dewey Decimal Classification |
| Withdrawn status | Lost status | Source of classification or shelving scheme | Damaged status | Not for loan | Home library | Current library | Shelving location | Date acquired | Total checkouts | Full call number | Barcode | Date last seen | Price effective from | Koha item type |
|---|---|---|---|---|---|---|---|---|---|---|---|---|---|---|
| Library of Congress Classification | Main Library | Main Library | 02/25/2021 | QC6 .S65 | PIU0190379 | 02/25/2021 | 02/25/2021 | Books | ||||||
| Library of Congress Classification | Main Library | Main Library | 02/25/2021 | QC6 .S65 | PIU0190378 | 02/25/2021 | 02/25/2021 | Books |